| 000 | 00510nam a2200181Ia 4500 | ||
|---|---|---|---|
| 005 | 20250423095723.0 | ||
| 008 | 250422s9999 xx 000 0 und d | ||
| 020 | _a9789789455634 | ||
| 050 | _aDT 515.7 .A37/ | ||
| 100 | _aAkpen, Philip | ||
| 245 | 0 | _aInfrastructures and Urban Amenities in Colonial Northern Nigeria, 1903-1960 | |
| 260 | _aIbadan | ||
| 260 | _bKraft Books Limited | ||
| 260 | _c2019 | ||
| 300 | _a331 p | ||
| 650 | _a Nigeria--History--1900-1960. Nigeria--Colonization. | ||
| 942 | _cBK | ||
| 999 |
_c31130 _d31130 |
||